| 000 -CABECERA |
| fixed length control field |
00979nam a22002537i 4500 |
| 003 - IDENTIFICADOR DEL NÚMERO DE CONTROL |
| control field |
AR-CdUCM |
| 008 - DATOS DE LONGITUD FIJA--INFORMACIÓN GENERAL |
| fixed length control field |
230927b ||||| |||| 00| 0 spa d |
| 040 ## - FUENTE DE LA CATALOGACIÓN |
| Agencia/entidad que catalogó originalmente la obra |
MUNICIPALIDAD PROVINCIAL DEL CUSCO |
| Entidad que transcribió la catalogación |
BIBLIOTECA MUNICIPAL DEL CUSCO |
| 082 ## - NÚMERO DE LA CLASIFICACIÓN DECIMAL DEWEY |
| No. de Clasificación |
498.518 / C813 / e.2 |
| Notacion interna |
C813 / e.2 |
| 100 ## - ENTRADA PRINCIPAL--NOMBRE DE PERSONA |
| Nombre Personal |
Cornejo Vergara, Gregorio |
| 245 ## - MENCIÓN DE TÍTULO |
| Título |
Interculturalidad y Lengua Quechua / |
| Mención de responsabilidad |
Autor |
| 260 ## - PUBLICACIÓN, DISTRIBUCIÓN, ETC. |
| Lugar de publicación, distribución, etc. |
Cusco : |
| Fecha de publicación, distribución, etc. |
2020. |
| 300 ## - DESCRIPCIÓN FÍSICA |
| Nº de Páginas Extensión |
223 páginas. : |
| Dimensiones |
16 cm. |
| 500 ## - NOTA GENERAL |
| Bibliografía |
Bibliografía: páginas 217-218 |
| 505 ## - NOTA DE CONTENIDO CON FORMATO |
| Nota de contenido formateada |
Crónica de la fundación de la academia mayor de la lengua quechua -- Alfabeto quechua -- Inventario fonológico -- Gramática quechua. |
| 650 ## - PUNTO DE ACCESO ADICIONAL DE MATERIA--TÉRMINO DE MATERIA |
| Descriptor |
Fundación de la academia |
| 9 (RLIN) |
48892 |
| 650 ## - PUNTO DE ACCESO ADICIONAL DE MATERIA--TÉRMINO DE MATERIA |
| Descriptor |
Penta vocálica - Quechua |
| 9 (RLIN) |
49095 |
| 650 ## - PUNTO DE ACCESO ADICIONAL DE MATERIA--TÉRMINO DE MATERIA |
| Descriptor |
Características del quechua |
| 9 (RLIN) |
48894 |
| 650 ## - PUNTO DE ACCESO ADICIONAL DE MATERIA--TÉRMINO DE MATERIA |
| Descriptor |
Tipología lingüística |
| 9 (RLIN) |
48895 |
| 650 ## - PUNTO DE ACCESO ADICIONAL DE MATERIA--TÉRMINO DE MATERIA |
| Descriptor |
Estructura gramatical del quechua |
| 9 (RLIN) |
48896 |
| 942 ## - ELEMENTOS DE PUNTO DE ACCESO ADICIONAL (KOHA) |
| Fuente de clasificación |
|
| Tipo de item |
Libros-BMC |
| 945 ## - PROCESAMIENTO DE INFORMACIÓN LOCAL (OCLC) |
| Catalogador |
pebm |
| AAAA-MM-DD - Fecha de ingreso o modificacion |
2023-09-27 |